[Event "DVM u20 2005"]
[Site "Berlin"]
[Date "2005.12.27"]
[Round "2.4"]
[White "Kohlmann, Adrian"]
[Black "Stejskal, Janina Maria"]
[Result "1-0"]
[WhiteElo "1938"]
[BlackElo "2045"]
[PlyCount "97"]
[EventDate "2000.??.??"]

1. e4 e5 2. Nf3 d6 3. d4 exd4 4. Nxd4 Nf6 5. Nc3 Be7 6. Bc4 O-O 7. O-O Nc6 8.
Be3 Ne5 9. Bb3 c5 10. Nf3 Bg4 11. Bd5 Qc8 12. Kh1 Bxf3 13. gxf3 Qh3 14. Rg1
Nxf3 15. Rg2 Ng4 16. Bf4 Bh4 17. Qe2 Nge5 18. Bxe5 dxe5 19. Nb5 Bg5 20. Qf1 Kh8
21. Rd1 Bf4 22. Rd3 Nxh2 23. Rxh3 Nxf1 24. Nd6 Kg8 25. Rd3 Rab8 26. Nxf7 Rxf7
27. Bxf7+ Kxf7 28. Rd7+ Kf6 29. Rgxg7 h6 30. Kg2 Nd2 31. Rgf7+ Kg5 32. Rf5+ Kg4
33. Rg7+ Kh4 34. f3 Bg5 35. Rxe5 Rf8 36. Rf5 Rxf5 37. exf5 b6 38. f4 Bxf4 39.
f6 Nc4 40. Kf3 Be5 41. Rg4+ Kh5 42. f7 Bd6 43. Rxc4 Kg6 44. Rh4 Bf8 45. Rf4 Kg7
46. Ke4 Bd6 47. Rf3 c4 48. Kd5 Bc5 49. Ke6 1-0

[Event "DVM u20 2005"]
[Site "Berlin"]
[Date "2005.12.27"]
[Round "2.5"]
[White "Salenko, Vadym"]
[Black "Kirch, Florian"]
[Result "1/2-1/2"]
[WhiteElo "2005"]
[BlackElo "1821"]
[PlyCount "55"]
[EventDate "2000.??.??"]

1. d4 g6 2. Nf3 Bg7 3. c4 d6 4. Nc3 Nc6 5. e4 e5 6. Be3 exd4 7. Nxd4 Nge7 8.
Be2 O-O 9. O-O f5 10. f3 fxe4 11. fxe4 Rxf1+ 12. Kxf1 Ne5 13. Kg1 N7c6 14. Nd5
Nxd4 15. Bxd4 c6 16. Nc3 Be6 17. c5 dxc5 18. Bxc5 Qxd1+ 19. Rxd1 b6 20. Bf2 Nc4
21. b3 Bxc3 22. bxc4 Be5 23. Be3 Rb8 24. a3 a6 25. a4 Kf7 $11 26. Kf2 b5 27.
cxb5 cxb5 28. Bd4 1/2-1/2

[Event "DVM u20 2005"]
[Site "Berlin"]
[Date "2005.12.27"]
[Round "2.6"]
[White "Quaschner, Tobias"]
[Black "Müller, Philipp"]
[Result "0-1"]
[WhiteElo "1705"]
[BlackElo "1994"]
[PlyCount "96"]
[EventDate "2000.??.??"]

1. e4 c5 2. Nf3 e6 3. d4 cxd4 4. Nxd4 a6 5. Nc3 b5 6. Be3 Bb7 7. f3 Be7 8. Qd2
d6 9. O-O-O Nf6 10. Kb1 Nc6 11. Nxc6 Bxc6 12. Bf4 b4 13. Ne2 Qa5 14. Nd4 Ba4
15. Nb3 Bxb3 16. cxb3 O-O 17. Be2 Rfd8 18. Bc4 d5 19. exd5 Nxd5 20. Bxd5 Rxd5
21. Qc1 Rad8 22. Ka1 Qb5 23. Rxd5 Qxd5 24. Qc4 Qd7 25. Rc1 Bf6 26. Kb1 h6 27.
Qc6 Qa7 28. Qc5 Qxc5 29. Rxc5 g5 30. Bc1 Rd5 31. Rxd5 exd5 32. Bd2 Be7 33. Kc2
Kg7 34. Kd3 Bc5 35. Be3 Bxe3 36. Kxe3 Kf6 37. Kd4 Ke6 38. g4 Kd6 39. a3 a5 40.
Kd3 Ke5 41. Ke3 d4+ 42. Kd3 Kf4 43. Kxd4 Kxf3 44. axb4 axb4 45. Kc4 Kxg4 46.
Kxb4 f5 47. Kc3 f4 48. Kd2 Kh3 0-1

[Event "DVM u20 2005"]
[Site "Berlin"]
[Date "2005.12.27"]
[Round "2.1"]
[White "Krutwig, Longlong"]
[Black "Pilgram, Alexander"]
[Result "1-0"]
[WhiteElo "2193"]
[BlackElo "1922"]
[PlyCount "81"]
[EventDate "2000.??.??"]

1. d4 c6 2. Nf3 g6 3. c3 d5 4. Bg5 Bg7 5. Nbd2 h6 6. Bf4 Bf5 7. e3 Nf6 8. h3
Nbd7 9. Nh4 Be6 10. Bh2 g5 11. Nhf3 Bf5 12. Be2 Qb6 13. Qb3 O-O 14. O-O Rae8
15. c4 dxc4 16. Bxc4 e6 17. Bd6 g4 18. hxg4 Nxg4 19. Rad1 Kh8 20. Bxf8 Bxf8 21.
Bd3 Qc7 {(=)} 22. Bxf5 exf5 23. Qxf7 Re7 24. Qxf5 Rg7 25. Ne4 Be7 26. d5 Bh4
27. dxc6 bxc6 28. Nd6 Bxf2+ 29. Rxf2 Nxe3 30. Qf4 Qb6 31. Qxh6+ Kg8 32. Qe6+
Kh8 33. Qe8+ Kh7 34. Rd4 Ng4 35. Rxg4 Rxg4 36. Qh5+ Kg7 37. Qxg4+ Kh8 38. Qg6
Ne5 39. Nxe5 Qc7 40. Nef7+ Qxf7 41. Nxf7# 1-0

[Event "DVM u20 2005"]
[Site "Berlin"]
[Date "2005.12.27"]
[Round "2.2"]
[White "Rudnik, Kirill"]
[Black "Krug, Kevin"]
[Result "1-0"]
[WhiteElo "1877"]
[BlackElo "2111"]
[PlyCount "63"]
[EventDate "2000.??.??"]

1. e4 Nc6 2. Nf3 e5 3. Bb5 Nf6 4. Qe2 d6 5. c3 Bd7 6. O-O Be7 7. h3 O-O 8. Rd1
a6 9. Ba4 Re8 10. d3 Bf8 11. Nbd2 g6 12. Nf1 Bg7 13. N3h2 Nb8 14. Bc2 c5 15.
Ng4 Bc6 16. Nh6+ Kf8 17. Bg5 Qd7 18. Bb3 Ng8 19. Ng4 h5 20. Nge3 Bf6 21. h4 Qd8
22. Qf3 Qe7 23. Ng3 Bxg5 24. hxg5 Rd8 25. Nxh5 gxh5 26. Qxh5 Ke8 27. Nf5 Qf8
28. g6 fxg6 29. Qxg6+ Kd7 30. Bxg8 Qxg8 31. Qxd6+ Ke8 32. Qe7# 1-0

[Event "DVM u20 2005"]
[Site "Berlin"]
[Date "2005.12.27"]
[Round "2.3"]
[White "Papaioannou, Dimitri"]
[Black "Karmann, Alexander"]
[Result "1-0"]
[WhiteElo "2024"]
[BlackElo "1816"]
[PlyCount "49"]
[EventDate "2000.??.??"]

1. d4 d5 2. Nc3 e6 3. e4 dxe4 4. Nxe4 Nf6 5. Bg5 Be7 6. Bxf6 Bxf6 7. Nf3 O-O 8.
c3 b6 9. Bd3 Bb7 10. Qe2 Nd7 11. O-O-O Qc8 12. Rhg1 c5 13. dxc5 bxc5 14. Nd6
Qc7 15. Nxb7 Rab8 16. Nd6 g6 17. Nc4 Nb6 18. Nxb6 axb6 19. Kb1 Rfc8 20. Ba6 Rf8
21. Bb5 Rfd8 22. h4 Rxd1+ 23. Rxd1 Rd8 24. g3 Rxd1+ 25. Qxd1 1-0

[Event "DVM u20 2005"]
[Site "Berlin"]
[Date "2005.12.27"]
[Round "2.4"]
[White "Senay, Baris"]
[Black "Albers, Damian"]
[Result "0-1"]
[WhiteElo "1852"]
[BlackElo "1974"]
[PlyCount "82"]
[EventDate "2000.??.??"]

1. c4 e5 2. Nc3 Nf6 3. g3 c6 4. Bg2 d5 5. cxd5 cxd5 6. d3 Be6 7. Bg5 Qa5 8. Bd2
Qb6 9. e3 Nc6 10. a3 Be7 11. Nge2 O-O 12. b4 d4 13. Na4 Qb5 14. Nb2 a5 15. a4
Qb6 16. b5 dxe3 17. Bxe3 Bb4+ 18. Kf1 Nd4 19. Nc4 Bxc4 20. dxc4 Rad8 21. Bxd4
exd4 22. Nf4 d3 23. Nd5 Nxd5 24. Bxd5 Qd4 25. Kg2 Rde8 26. Qf3 b6 27. Rhd1 d2
28. Rab1 Re7 29. h3 Kh8 30. Qf4 Qc3 31. Qf3 Qc2 32. Qb3 Qxb3 33. Rxb3 Re1 34.
Rbb1 f5 35. f4 Rfe8 36. Bf3 Kg8 37. g4 g6 38. gxf5 gxf5 39. Ra1 Kf8 40. Kf2
R8e3 41. Ra2 Rxf3+ 0-1

[Event "DVM u20 2005"]
[Site "Berlin"]
[Date "2005.12.27"]
[Round "2.5"]
[White "Rosenstein, Wadim"]
[Black "Guefen, Daniel"]
[Result "1-0"]
[WhiteElo "1831"]
[BlackElo "1740"]
[PlyCount "90"]
[EventDate "2000.??.??"]

1. c4 Nf6 2. Nc3 e6 3. a3 d5 4. cxd5 exd5 5. d4 c6 6. g3 Bd6 7. Bg2 Bf5 8. Nf3
Nbd7 9. O-O O-O 10. Nh4 Bg6 11. Nxg6 hxg6 12. Bg5 Re8 13. Re1 Be7 14. b4 Ne4
15. Nxe4 dxe4 16. Bd2 Nf6 17. e3 Bf8 18. a4 Qd7 19. Rb1 g5 20. Qe2 g4 21. Rec1
Rac8 22. Bc3 Nh7 23. b5 c5 24. Rd1 c4 25. Rdc1 Ng5 26. Bb2 Nf3+ 27. Kf1 Nxh2+
28. Ke1 Bb4+ 29. Bc3 Nf3+ 30. Bxf3 gxf3 31. Qf1 Bxc3+ 32. Rxc3 Qc7 33. Rb4 Qa5
34. Rbxc4 Qxc3+ 35. Rxc3 Rxc3 36. Kd2 Rd3+ 37. Kc2 Rc8+ 38. Kb2 Rd2+ 39. Kb3
Rcc2 40. Qh3 Rxf2 41. Qh4 Rh2 42. Qxe4 Rb2+ 43. Kc4 f2 44. Qe8+ Kh7 45. Qxf7
Rh1 1-0

[Event "DVM u20 2005"]
[Site "Berlin"]
[Date "2005.12.27"]
[Round "2.6"]
[White "Schehl, Michael"]
[Black "Jovanovic, Valter"]
[Result "1/2-1/2"]
[WhiteElo "1653"]
[BlackElo "1573"]
[PlyCount "39"]
[EventDate "2000.??.??"]

1. d4 d5 2. Nf3 Nf6 3. Bf4 Bf5 4. e3 e6 5. Bd3 Bxd3 6. Qxd3 Bd6 7. Bg3 O-O 8.
Nbd2 Nbd7 9. e4 dxe4 10. Nxe4 Nxe4 11. Qxe4 Nf6 12. Qd3 Re8 13. O-O Bxg3 14.
hxg3 Rc8 15. c3 c5 16. Rfe1 Qb6 17. Qe2 h6 18. Rad1 cxd4 19. Rxd4 Qa5 20. a3
1/2-1/2

[Event "DVM u20 2005"]
[Site "Berlin"]
[Date "2005.12.27"]
[Round "2.1"]
[White "Seiler, Sascha"]
[Black "Koch, Moritz"]
[Result "0-1"]
[WhiteElo "2043"]
[BlackElo "2228"]
[PlyCount "42"]
[EventDate "2000.??.??"]

1. d4 f5 2. g3 Nf6 3. Bg2 g6 4. b3 Bg7 5. Bb2 O-O 6. Nd2 d6 7. c4 e5 8. dxe5
Ng4 9. Ngf3 Nc6 10. h3 Ngxe5 11. Nxe5 dxe5 12. O-O Qe7 13. e3 Be6 14. Qe2 Rad8
15. Rad1 e4 16. Nb1 Ne5 17. Rxd8 Rxd8 18. Rd1 Nf3+ 19. Bxf3 exf3 20. Rxd8+ Qxd8
21. Qc2 Bxb2 0-1

[Event "DVM u20 2005"]
[Site "Berlin"]
[Date "2005.12.27"]
[Round "2.2"]
[White "Lauer, Moritz"]
[Black "Bissbort, Julian"]
[Result "1/2-1/2"]
[WhiteElo "2233"]
[BlackElo "2034"]
[PlyCount "27"]
[EventDate "2000.??.??"]

1. e4 c5 2. c3 d5 3. exd5 Qxd5 4. d4 Nc6 5. dxc5 Qxd1+ 6. Kxd1 Nf6 7. b4 Bf5 8.
Ke1 g6 9. b5 Ne5 10. Nf3 Nxf3+ 11. gxf3 Bg7 12. Bc4 O-O 13. Be3 Rac8 14. Nd2
1/2-1/2

[Event "DVM u20 2005"]
[Site "Berlin"]
[Date "2005.12.27"]
[Round "2.3"]
[White "Geschnizjani, Ramin Tobias"]
[Black "Lowitz, Torsten"]
[Result "1-0"]
[WhiteElo "1945"]
[BlackElo "2117"]
[PlyCount "37"]
[EventDate "2000.??.??"]

1. e4 c5 2. Nc3 Nc6 3. f4 d6 4. Nf3 g6 5. Bc4 Bg7 6. O-O e6 7. d3 Nge7 8. Qe1
O-O 9. f5 exf5 10. Qh4 a6 11. Bh6 b5 12. Ng5 Bd4+ 13. Kh1 bxc4 14. Bxf8 Kxf8
15. Nd5 Be6 16. Nf6 Kg7 17. e5 Bxe5 18. Qxh7+ Kf8 19. Qh6# 1-0

[Event "DVM u20 2005"]
[Site "Berlin"]
[Date "2005.12.27"]
[Round "2.4"]
[White "Kittler, Alexander"]
[Black "Luo, Xinping"]
[Result "1/2-1/2"]
[WhiteElo "1496"]
[BlackElo "1824"]
[PlyCount "63"]
[EventDate "2000.??.??"]

1. e4 c5 2. d4 cxd4 3. c3 Nf6 4. e5 Nd5 5. cxd4 d6 6. Nf3 g6 7. Bc4 Nb6 8. Bb3
Bg7 9. O-O O-O 10. Bf4 d5 11. Nc3 Nc6 12. Qd2 Bg4 13. Rad1 Bxf3 14. gxf3 Na5
15. Bc2 Nbc4 16. Qc1 Rc8 17. b3 Nb6 18. Ne2 Qd7 19. Kh1 Qc6 20. Bb1 Qxc1 21.
Rxc1 Rfe8 22. Rxc8 Rxc8 23. Rc1 Kf8 24. Kg2 Ke8 25. Kf1 e6 26. Ke1 Rxc1+ 27.
Bxc1 Bf8 28. Kd2 Nc6 29. Ke3 Be7 30. Bb2 Kd7 31. f4 $11 a5 32. a4 1/2-1/2

[Event "DVM u20 2005"]
[Site "Berlin"]
[Date "2005.12.27"]
[Round "2.5"]
[White "Witte, Stefan"]
[Black "Lingl, Xenia"]
[Result "1-0"]
[WhiteElo "1981"]
[BlackElo "1484"]
[PlyCount "65"]
[EventDate "2000.??.??"]

1. e4 e5 2. Nf3 Nc6 3. Bc4 Bc5 4. c3 Nf6 5. d4 exd4 6. cxd4 Bb4+ 7. Bd2 Nxe4 8.
Bxb4 Nxb4 9. Qb3 Qe7 10. Bxf7+ Qxf7 11. Qxb4 a5 12. Qb5 O-O 13. O-O d5 14. Nc3
Nxc3 15. bxc3 Ra6 16. Ne5 Qe6 17. Rae1 Qd6 18. Re2 c6 19. Qb2 Qf6 20. Rfe1 Qg5
21. Re3 c5 22. Rg3 Qf4 23. Nd3 Qf5 24. Nxc5 Rb6 25. Qd2 Rb1 26. Rge3 Rf6 27.
Nd3 Rfb6 28. h3 Qg6 29. Qe2 Bd7 30. Qf3 Bf5 31. Qxd5+ Qf7 32. Qd8+ Qf8 33. Re8
1-0

[Event "DVM u20 2005"]
[Site "Berlin"]
[Date "2005.12.27"]
[Round "2.6"]
[White "Buck, Andreas"]
[Black "Becker, Johannes"]
[Result "0-1"]
[WhiteElo "1166"]
[BlackElo "1744"]
[PlyCount "40"]
[EventDate "2000.??.??"]

1. e4 e6 2. d4 c5 3. Nf3 cxd4 4. Nxd4 a6 5. Nc3 Nc6 6. Nxc6 bxc6 7. Bd3 Qc7 8.
O-O d5 9. Re1 Bb7 10. a4 Bd6 11. g3 h5 12. f4 h4 13. Qg4 O-O-O 14. Qxg7 Nh6 15.
Be3 Rdg8 16. Qf6 Ng4 17. Nxd5 cxd5 18. Qc3 Qxc3 19. bxc3 Nxe3 20. Rxe3 Bc5 0-1